Statistiken für Fernsehen: Dinner For One

Klicken Sie hier um das Quiz zu spielen!

Allgemein

  • Dieses Quiz wurde 207 mal gespielt
  • Das Durchschnittsergebnis liegt bei 11 aus 14

Antwortstatistiken

FrageAntwort% Korrekt
An welchem Tag wird der Sketch traditionell im deutschen Fernsehen ausgestrahlt?Silvester
96%
Er stolpert ständig über ein Fell von welchem Tier?Tiger
96%
Ihren wievielten Geburtstag feiert sie?90.
94%
Wie heißt der Butler?James
94%
Was antwortet die Gastgeberin auf die Frage des Butlers: "The same procedure as last year?""The same procedure as {every} {year}."
93%
Welches Getränk gibt es zum Fisch?W{eißwein}
91%
Wie heißt das Geburtstagskind?Miss {Sophie}
89%
Admiral von {Schneider}
76%
Welches Getränk gibt es zum Hühnchen?C{hampagner}
66%
Mr. {Winterbottom}
60%
Wie heißen die imaginären Gäste?Sir {Toby}
54%
Mr. {Pommeroy}
53%
Welches Getränk gibt es zu den Früchten zum Nachtisch?P{ortwein}
47%
Welches Getränk gibt es zur Mulligatawny Soup?S{herry}
44%

Verteilung der Resultate

Perzentil nach korrekt beantworteten Fragen

Anzahl Personen mit jedem Resultat

Ihre Resultats-Entwicklung

Sie haben dieses Quiz noch nicht gespielt